Trabalhos apresentados no II Simpósio brasileiro sobre algaroba /

Guardado en:
Autor Corporativo: Simpósio brasileiro sobre algaroba Mossoró)
Formato: Libro
Idioma:Undetermined
Publicado: Mossoró, Brazil : Escola Superior de Agricultura de Mossoró, 1987.
Series:Revista da Associaçao Brasileira de Algaroba ; v. 1 nº 4
Etiquetas: Agregar Etiqueta
Sin Etiquetas, Sea el primero en etiquetar este registro!
LEADER 00696nam a22001455a 4500
001 EEA.libagro010101
005 20161003095150.0
008 140820s1987####xx#a##########100#0#und#d
111 2 |a Simpósio brasileiro sobre algaroba  |n (II :  |d 6 a 10 de abril de 1987 :  |c Mossoró) 
245 1 0 |a Trabalhos apresentados no II Simpósio brasileiro sobre algaroba /  |c Associaçao Brasileira de Algaroba. 
260 |a Mossoró, Brazil :  |b Escola Superior de Agricultura de Mossoró,  |c 1987. 
300 |a v. 262 p. :  |b il. ;  |c 21 cm. 
490 1 |a Revista da Associaçao Brasileira de Algaroba ;  |v v. 1 nº 4 
500 |a "Colecao Mossoroense. Serie C nº cccxlvi". 
859 |a AR-BbBCA  |b BIB. AGRONOMIA  |h 583.321  |i S612 2 1987  |p C1988/0295